Focus Leisure (Record no. 82615)

MARC details
000 -LEADER
fixed length control field 00886cam a22002295a 4500
001 - CONTROL NUMBER
control field L150720
008 - FIXED-LENGTH DATA ELEMENTS--GENERAL INFORMATION
fixed length control field 100823e20100821xxk 000 0 eng d
035 ## - SYSTEM CONTROL NUMBER
System control number (Sirsi) u150720
041 0# - LANGUAGE CODE
Language code of text/sound track or separate title eng
100 1# - MAIN ENTRY--PERSONAL NAME
Personal name Harris, David
245 00 - TITLE STATEMENT
Title Focus Leisure
260 ## - PUBLICATION, DISTRIBUTION, ETC.
Date of publication, distribution, etc. 2010
490 ## - SERIES STATEMENT
Series statement Estates Gazette
Volume/sequential designation (1033) 21 August 2010, 47-61(12)
520 ## - SUMMARY, ETC.
Summary, etc. Leisure facilities ranging from museums and art galleries as amusements parks need continual investment and updating of facilities in order encourage new visitors. A round up of current leisure developments. Reviews marina and waterside developments. Hotel development including Travel Lodges plans for expansion.
590 ## - LOCAL NOTE (RLIN)
Local note KA
651 #4 - SUBJECT ADDED ENTRY--GEOGRAPHIC NAME
Geographic name United Kingdom
Chronological subdivision
690 ## - LOCAL SUBJECT ADDED ENTRY--TOPICAL TERM (OCLC, RLIN)
Topical term or geographic name as entry element PROPERTY-COMMERCIAL PROPERTY-LEISURE PROPERTY
700 1# - ADDED ENTRY--PERSONAL NAME
Personal name Thame, David
700 1# - ADDED ENTRY--PERSONAL NAME
Personal name Norman, Paul
700 1# - ADDED ENTRY--PERSONAL NAME
Personal name Pio Kivlehan, Noella
942 ## - ADDED ENTRY ELEMENTS (KOHA)
Suppress in OPAC 0
Holdings
Withdrawn status Lost status Source of classification or shelving scheme Damaged status Not for loan Home library Current library Shelving location Date acquired Total Checkouts Full call number Barcode Date last seen Copy number Price effective from Koha item type
    Dewey Decimal Classification     London London Journal article 23/08/2010   L150720 150720-1001 06/08/2019 1 06/08/2019 Journal article